| 000 | 00453nam a2200169Ia 4500 | ||
|---|---|---|---|
| 003 | 0 | ||
| 005 | 20240523151741.0 | ||
| 008 | 190712s9999 xx 000 0 und d | ||
| 020 | _a9781416589648 | ||
| 100 | _aCleave, Chris | ||
| 245 |
_cChris Cleave _aLittle bee/ |
||
| 260 |
_aNew York: _bSimon and Schuster _c2008 |
||
| 300 |
_a271 p. ; _c210 cm. |
||
| 650 | _aIdentity (psychology) -- fiction | ||
| 650 | _aYoung women -- fiction | ||
| 942 |
_2lcc _cBK |
||
| 999 |
_c361958 _d361958 |
||